00453nam a2200145 a 4500008004100000020001500041050001600056100004100072245002200113260008100135300002300216350000900239500002000248650003900268120416s1989 ||||||||||||||||| || u a0716719401 aQD 31.2 Atk aAtkins, P. W. (Peter William), 1940-10aGeneral chemistry aNew York:bScientific American Books Distributed by W.H.Freeman and Coc1989 axxiv, 989p. : ill. a0.00 aIncludes index. 0aCHEMISTRY--HANDBOOKS, MANUALS, ETC